000 01340cam a2200349 i 4500
999 _c200447487
_d65699
001 39017
003 TR-AnTOB
005 20230726101739.0
007 ta
008 221602s2003 tu 000 0 tur d
020 _a9758593455
040 _aTR-AnTOB
_beng
_erda
_cTR-AnTOB
050 0 0 _aKKX2325
_b.T45 2003
099 _aEDC 340 TEK 2003
100 1 _aTekinalp, Ünal
_eauthor
_958006
245 1 0 _aTürk hukukunun AB hukukuna ve Avrupa Konvansiyonuna uyumu sorunu /
_cÜnal Tekinalp.
264 1 _aAnkara :
_bTürkiye Bilimler Akademisi,
_c2003.
300 _a39 pages ;
_c20 cm
336 _atext
_btxt
_2rdacontent
337 _aunmediated
_bn
_2rdamedia
338 _avolume
_bnc
_2rdacarrier
440 0 _aTürkiye Bilimler Akademisi Forumu ;
_vsıra no. 20
650 0 7 _aUluslararası ve iç hukuk
_zTürkiye
_2etuturkob
_960223
650 0 _aInternational and municipal law
_zTurkey
_965156
650 7 _aİdare hukuku
_zTürkiye
_910433
_2etuturkob
650 7 _aHukuk
_zAvrupa Ekonomik Topluluğu ülkeleri
_2etuturkob
_923336
650 0 0 _aLaw
_zEuropean Economic Community countries
_xInternational.
_923339
650 0 7 _aAnayasa hukuku
_zAvrupa Ekonomik Topluluğu ülkeleri
_2etuturkob
_9135564
650 0 0 _aConstitutional law
_zEuropean Economic Community countries
_9135562
942 _2lcc
_cBK